Datum a čas kvízu
33
Celkem bodů
Celkový počet nahraných bodů na tomto kvízu bez doplňovacích otázek.
3.
Pořadí na kvízu
Konečné umístění týmu na tomto kvízu.
Zaznamenané odpovědi
| # | Otázka | Odpověď | Body | Výsledky |
|---|---|---|---|---|
| 1. | Kolik mandátů získal vítěz kom... | 5 mandátů, ODS+TOP 09 | 0 | |
| 2. | Ve které zemi minulý týden pro... | v Íránu | 1 | |
| 3. | Pátý ročník festivalu Serial K... | Brno | 0 | |
| 4. | V pondělí rozhodl soud, že jed... | Goodyear | 1 | |
| 5. | Jedna bývalá česká sportovkyně... | Gabriela Soukalová | 1 | |
| 6. | Vítězné téma facebookového hla... | C. Attlee, H. Truman, Stalin | 0 | |
| 7. | Vyberte název prvního vesmírné... | A | 1 | |
| 8. | Jak se jmenoval tento muž a kt... | Josip Tito, Jugoslávie | 0 | |
| 9. | V roce 1988 došlo nad skotským... | Muammar Kaddáfí | 1 | |
| 10. | Seřaďte níže vypsané události... | 1A 2B 3D 4C | 1 |